| 000 | 00757nam a2200265 a 4500 | ||
|---|---|---|---|
| 999 |
_c9309 _d9309 |
||
| 001 | 9309 | ||
| 003 | BD -JHCC | ||
| 005 | 20190321094112.0 | ||
| 008 | 500101s1992 enk 000 0 eng d | ||
| 020 | _a0077075544 | ||
| 035 | _a(BD-JhCC)9309 | ||
| 040 |
_aBD-JhCC _dBD-JhCC |
||
| 041 | _aeng | ||
| 082 |
_bPEE 1992 _a658.3124 |
||
| 100 | 1 | _aPeel, Malcolm. | |
| 245 | 1 | 0 |
_aCareer development and planning : _ba guide for managers, trainers and personnel staff / _cMalcolm Peel |
| 260 |
_aLondon : _bMcGraw-Hill, _cc1992 |
||
| 300 |
_ax, 164 p ; _c25 cm |
||
| 504 | _aIncludes bibliography and index | ||
| 650 | 0 | _aCareer development | |
| 650 | 0 | _aPersonnel management | |
| 830 | 0 | _aMcGraw-Hill training series | |
| 942 |
_2ddc _cBK |
||